| 000 | 00877nam a22002417a 4500 | ||
|---|---|---|---|
| 999 |
_c19447 _d19447 |
||
| 003 | AR-CdUCM | ||
| 008 | 190517b ||||| |||| 00| 0 spa d | ||
| 040 |
_aMUNICIPALIDAD PROVINCIAL DEL CUSCO _cBIBLIOTECA MUNICIPAL DEL CUSCO |
||
| 082 |
_a500 / _bB18 |
||
| 100 |
_aBallentyne, D. W. G. _940774 |
||
| 245 |
_aDiccionario de leyes y efectos cientificos : _ben física, química y matemáticas / |
||
| 260 |
_aBuenos Aires : _bVictor Lerú, _c1963. |
||
| 300 |
_a216 paginas ; _bFormulas, _c21 cm. |
||
| 505 | _aContenido : Condición de senos -- Ecuación diferencial -- Polinomios -- Multiplicadores ... | ||
| 650 |
_aMatemática _919387 |
||
| 650 |
_aQuímica _94512 |
||
| 650 |
_aFísica _92382 |
||
| 650 |
_aTeoremas _940775 |
||
| 700 |
_aWalker, L. E. Q. _940776 |
||
| 700 |
_aWesterkamp Jose (Traducción) _940777 |
||
| 942 |
_2ddc _cLIBROS |
||
| 945 |
_awnts _d2019-05-17 |
||